Sistemas de impulsión
Zapisane w:
| 1. autor: | |
|---|---|
| Format: | Książka |
| Język: | hiszpański |
| Wydane: |
Chillán
Comisión Nacional de Riego
1998
|
| Hasła przedmiotowe: | |
| Etykiety: |
Dodaj etykietę
Nie ma etykietki, Dołącz pierwszą etykiete!
|
MARC
| LEADER | 00000nam a2200000 a 4500 | ||
|---|---|---|---|
| 001 | UCM7858 | ||
| 003 | CL-VaPUC | ||
| 008 | 030110e19980000CL |||||||||||||||||spa|d | ||
| 082 | 0 | 4 | |a 621.69 |b CRI |2 21 |
| 100 | 0 | |a Crisóstomo Fonseca, Claudio |e author |9 473563 | |
| 245 | 1 | 0 | |a Sistemas de impulsión |
| 300 | |a 30 p | ||
| 942 | |c BK | ||
| 945 | |d 20030110 00:00:00 |a lriquelm | ||
| 260 | |a Chillán |b Comisión Nacional de Riego |c 1998 | ||
| 500 | |a Corresponde a una serie de publicaciones realizadas fon financiamiento del Programa: Desarrollo de sistemas de riego en el secano interior y costero. Componente nacional: capacitación y difusión de tecnologías der riego | ||
| 650 | 0 | |a Bombas centrífugas |9 262482 | |
| 650 | 7 | |a BOMBAS AXIALES |2 CL-VaPUC |9 473564 | |
| 650 | 7 | |a EQUIPO DE RIEGO |2 CL-VaPUC |9 473565 | |
| 650 | 7 | |a SISTEMA DE IMPULSION |2 CL-VaPUC |9 473566 | |
| 650 | 0 | |a Propiedades mecánicas |9 262507 | |
| 650 | 7 | |a PROPIEDADES TECNICAS |2 CL-VaPUC |9 473567 | |
| 583 | |a last modification |c 20030110 00:00:00 |k Rodrigo Vera | ||
| 999 | |c 302515 |d 302513 | ||
| 952 | |0 0 |1 0 |4 0 |6 621_690000000000000_CRI_1998 |7 0 |8 A |9 363147 |a BIBAGR |b BIBAGR |d 2019-11-21 |i 3866483 |o 621.69 CRI 1998 |p 3866483 |r 2025-01-20 |w 2019-11-21 |y BK |k AGR | ||
| 952 | |0 0 |1 0 |4 0 |6 621_690000000000000_CRI_1998 |7 0 |8 A |9 363148 |a BIBAGR |b BIBAGR |d 2019-11-21 |i 3874206 |o 621.69 CRI 1998 |p 3874206 |r 2025-01-20 |w 2019-11-21 |y BK |k AGR | ||